Online
Catalog

Síntesis del sistema tributario dominicano y su evolución en la Era de Trujillo / (Record no. 31450)

MARC details
000 -CABECERA
campo de control de longitud fija 00888nam a2200217 a 4500
001 - NÚMERO DE CONTROL
campo de control 000031959
003 - IDENTIFICADOR DEL NÚMERO DE CONTROL
campo de control DO-SdBNP
005 - FECHA Y HORA DE LA ÚLTIMA TRANSACCIÓN
campo de control 20251212090003.0
008 - DATOS DE LONGITUD FIJA--INFORMACIÓN GENERAL
campo de control de longitud fija 110707s1955 dr 000 0 spa d
040 ## - FUENTE DE LA CATALOGACIÓN
Centro catalogador/agencia de origen DO-SdBNP
Lengua de catalogación spa
Centro/agencia transcriptor BNPHU
082 #4 - NÚMERO DE LA CLASIFICACIÓN DECIMAL DEWEY
Número de clasificación 336.2
Número de documento/Ítem S182s
Número de edición 22
100 1# - ENTRADA PRINCIPAL--NOMBRE DE PERSONA
Nombre de persona Salvador Ortíz, S.
9 (RLIN) 58124
245 10 - MENCIÓN DE TÍTULO
Título Síntesis del sistema tributario dominicano y su evolución en la Era de Trujillo /
Mención de responsabilidad, etc. S. Salvador Ortíz.
260 ## - PUBLICACIÓN, DISTRIBUCIÓN, ETC.
Lugar de publicación, distribución, etc. Ciudad Trujillo, República Dominicana :
Nombre del editor, distribuidor, etc. Secretaría de Estado del Tesoro y Crédito Público,
Fecha de publicación, distribución, etc. 1955.
300 ## - DESCRIPCIÓN FÍSICA
Extensión 30 p. ;
Dimensiones 23 cm.
650 #0 - PUNTO DE ACCESO ADICIONAL DE MATERIA--TÉRMINO DE MATERIA
Término de materia o nombre geográfico como elemento de entrada Impuestos
Subdivisión geográfica República Dominicana
9 (RLIN) 8380
651 #4 - PUNTO DE ACCESO ADICIONAL DE MATERIA--NOMBRE GEOGRÁFICO
Nombre geográfico República Dominicana
Subdivisión general Política y gobierno
Subdivisión cronológica Era de Trujillo, 1930-1961
9 (RLIN) 1374
710 1# - PUNTO DE ACCESO ADICIONAL--NOMBRE DE ENTIDAD CORPORATIVA
Nombre de entidad corporativa o nombre de jurisdicción como elemento de entrada República Dominicana.
Unidad subordinada Secretaría de Estado del Tesoro y Crédito Público
9 (RLIN) 7926
910 ## - DATOS DE OPCIÓN DEL USUARIO (OCLC)
Datos de opción del usuario Validado. Control de calidad EMS
942 ## - ELEMENTOS DE PUNTO DE ACCESO ADICIONAL (KOHA)
Fuente del sistema de clasificación o colocación Dewey Decimal Classification
Tipo de ítem Koha Libro
Holdings
Estado de retiro Estado de pérdida Restricciones de uso No para préstamo Código de colección Localización permanente Ubicación/localización actual Ubicación en estantería Fecha de adquisición Número de inventario Total de préstamos Signatura topográfica completa Código de barras Fecha visto por última vez Número de copia Precio válido a partir de Tipo de ítem Koha
  Extraviado   Excluido de préstamo Raros y valiosos Patrimonio Dominicano Patrimonio Dominicano Extraviado 07.07.2011 LF1   336.2 S182s 31959-20 25.06.2020 e. 2 25.06.2020 No se presta
      Excluido de préstamo Raros y valiosos Patrimonio Dominicano Patrimonio Dominicano Depósito 07.07.2011 LF1   336.2 S182s 31959-10 25.06.2020   25.06.2020 No se presta

Powered by Koha